U.S. States Bordering Georgia - Map Quiz - Statistics

General Stats
  • This quiz has been taken 289 times
  • The average score is 5 of 5
Answers on the Map
Answers color-coded by a green-red scale on the quiz's map according to % correct below.
 
Answer Stats
Answer % Correct
Alabama
97%
Florida
96%
South Carolina
95%
North Carolina
92%
Tennessee
92%
No matching quizzes found
Score Distribution
Percent of People with Each Score
Percentile by Number Answered
Your Score History
You have not taken this quiz